| 000 | 00448 a2200157 4500 | ||
|---|---|---|---|
| 020 | _a0131008250 | ||
| 040 |
_aDLC _bDLC |
||
| 082 | 0 | 0 | _a572.8 |
| 100 | 1 | _aBergeron, Bryan P. | |
| 245 | 1 | 0 |
_aBioinformatics computing _cBryan Bergeron. |
| 260 |
_aNew Delhi : _bPrentice-Hall of India, _cc2003. |
||
| 300 |
_axxii, 439 p. : _bill. ; _c24 cm. |
||
| 650 | 0 |
_aMolecular biology _xData processing. |
|
| 650 | 0 | _aBioinformatics. | |
| 942 |
_cBK _k572.8 BER _2ddc |
||
| 999 |
_c7860 _d7860 |
||